[Event "WYCC U18 Girls 2013"]
[Site "Al-Ain UAE"]
[Date "2013.12.21"]
[Round "5.16"]
[White "Dragieva, Denitza"]
[Black "Roy, Ali"]
[Result "1/2-1/2"]
[WhiteTitle "WFM"]
[WhiteElo "2095"]
[BlackElo "1891"]
[WhiteFideId "2907232"]
[BlackFideId "2400456"]
[EventDate "2013.12.18"]

1. d4 d5 2. Nf3 Nf6 3. Bf4 c5 4. e3 Nc6 5. Be2 Bg4 6. O-O e6 7. Nbd2 Qb6 8. dxc5
Bxc5 9. c4 O-O 10. cxd5 Nxd5 11. Nc4 Qd8 12. Bg3 Rc8 13. Qb3 Qe7 14. Rfd1 Rfd8
15. Rac1 a6 16. Ncd2 Bh5 17. a3 Ba7 18. e4 Nb6 19. Qa2 Qf8 20. b4 Bb8 21. Nb3
Bxg3 22. hxg3 Nd7 23. Rd2 Bxf3 24. gxf3 Ncb8 25. Rdc2 b5 26. Qb2 Nb6 27. Na5
Rxc2 28. Rxc2 Rc8 29. Qc1 Rxc2 30. Qxc2 Qc8 31. Qxc8+ Nxc8 32. e5 Nb6 33. f4 f6
34. exf6 gxf6 35. Kf1 Kf7 36. Bd3 h6 37. Ke2 Nd5 38. Kd2 Ke7 39. Nb7 Nd7 40. Be4
N5b6 41. Kc3 e5 42. fxe5 fxe5 43. Nc5 Nb8 44. Bg2 Kf6 45. Bb7 Nc4 46. a4 Nd6 47.
Ne4+ Nxe4+ 48. Bxe4 bxa4 49. Kb2 Nd7 50. Bd3 Nb6 51. Bxa6 Kf5 52. Ka3 Ke4 53.
Bb7+ Kd3 54. Bc6 e4 55. g4 e3 56. fxe3 Kxe3 57. Bxa4 Kf4 58. Bd1 Ke5 59. b5 Nd5
60. Bf3 Nb6 61. Kb4 Kd6 62. Be2 Nd5+ 63. Ka5 Kc5 64. Bf3 Nb6 65. Ka6 Nc4 66. Be2
Nb6 67. Bd1 Nd7 68. Be2 Nb6 69. Bf3 Nc4 70. Bd1 Nb6 71. Bb3 Na8 72. Bf7 Nc7+ 1/2-1/2

[Event "WYCC U18 Girls 2013"]
[Site "Al-Ain UAE"]
[Date "2013.12.21"]
[Round "5.17"]
[White "Botez, Alexandra"]
[Black "Mendez Tovar, Jessica Yissel"]
[Result "1-0"]
[WhiteTitle "WFM"]
[BlackTitle "WFM"]
[WhiteElo "2086"]
[BlackElo "1887"]
[WhiteFideId "2603365"]
[BlackFideId "5113580"]
[EventDate "2013.12.18"]

1. d4 Nf6 2. c4 g6 3. Nc3 Bg7 4. e4 d6 5. f3 O-O 6. Be3 Na6 7. Qd2 Re8 8. Bd3 c5
9. d5 Rb8 10. Nb5 Nb4 11. Be2 a6 12. Nc3 a5 13. a3 Na6 14. Nb5 Bd7 15. Rb1 b6
16. g4 Nc7 17. Nxc7 Qxc7 18. g5 Nh5 19. h4 e6 20. Kf2 exd5 21. Qxd5 Bc6 22. Qd2
Qe7 23. Bd3 b5 24. Ne2 b4 25. Rhd1 Qe6 26. axb4 Rxb4 27. Bc2 Bf8 28. b3 Reb8 29.
Nf4 Nxf4 30. Bxf4 a4 31. Bxd6 Bxd6 32. Qxd6 axb3 33. Qxe6 fxe6 34. Bd3 Kf7 35.
Rb2 Ra8 36. Ke3 e5 37. Kd2 Ke7 38. Kc3 Ra7 39. Be2 Ba4 40. Rd5 Rc7 41. Rxc5 Rcb7
42. Rxe5+ Kd6 43. Rd5+ Ke6 44. c5 Ke7 45. Bc4 Rb8 46. Rd6 R4b7 47. Re6+ Kf8 48.
Rf6+ Ke8 49. Ra6 Bb5 50. Bxb5+ Rxb5 51. Kc4 Rb4+ 52. Kd5 Rd8+ 53. Ke6 Kf8 54. c6 1-0

[Event "WYCC U18 Girls 2013"]
[Site "Al-Ain UAE"]
[Date "2013.12.21"]
[Round "5.18"]
[White "Boshra, Alshaeby"]
[Black "Vujnovic, Patricija"]
[Result "0-1"]
[WhiteTitle "WFM"]
[WhiteElo "1933"]
[BlackElo "2081"]
[WhiteFideId "8102937"]
[BlackFideId "14502313"]
[EventDate "2013.12.18"]

1. d4 Nf6 2. c4 e6 3. Nf3 Bb4+ 4. Nbd2 b6 5. a3 Bxd2+ 6. Qxd2 Bb7 7. e3 Ne4 8.
Qc2 O-O 9. Bd3 f5 10. O-O d6 11. Nd2 Qh4 12. f3 Ng5 13. e4 f4 14. Rf2 Nd7 15. b4
Rf6 16. Nf1 Rg6 17. Kh1 e5 18. Bb2 Re8 19. Rd2 Nf6 20. Qd1 Qh6 21. c5 Nh5 22.
dxe5 Ng3+ 23. Nxg3 fxg3 24. h3 Nxh3 0-1

[Event "WYCC U18 Girls 2013"]
[Site "Al-Ain UAE"]
[Date "2013.12.21"]
[Round "5.19"]
[White "Leks, Maria"]
[Black "Nikolovska, Dragana"]
[Result "1-0"]
[WhiteTitle "WCM"]
[WhiteElo "2076"]
[BlackElo "1876"]
[WhiteFideId "1134957"]
[BlackFideId "15000133"]
[EventDate "2013.12.18"]

1. e4 c5 2. Nf3 d6 3. d4 cxd4 4. Qxd4 Nc6 5. Bb5 Bd7 6. Bxc6 bxc6 7. c4 Nf6 8.
Nc3 e5 9. Qd3 Be7 10. Bg5 Be6 11. Bxf6 Bxf6 12. O-O O-O 13. Rfd1 Be7 14. c5 Qa5
15. cxd6 Rfd8 16. Qe2 Bxd6 17. Ng5 Qb6 18. Nxe6 fxe6 19. Rac1 Rab8 20. Qc4 Kh8
21. Na4 Qb4 22. b3 Qxc4 23. Rxc4 Rbc8 24. Rdc1 Ba3 25. Rb1 Rd2 26. Nc3 Bb2 27.
Kf1 Rcd8 28. f3 Kg8 29. Ne2 Ba3 30. Rxc6 Rxa2 31. Ra6 Rdd2 32. Re1 Rdb2 33. Rxa7
Rxb3 34. Nc1 Bxc1 35. Rxa2 Bf4 36. g3 Bg5 37. Kg2 Kf7 38. Rd1 Rb6 39. Ra7+ Kg6
40. Rdd7 Bf6 41. Ra2 h6 42. Rad2 Ra6 43. R7d6 Rxd6 44. Rxd6 Kf7 45. Rd7+ Kg6 46.
f4 h5 47. Rb7 exf4 48. gxf4 Bd4 49. e5 Bc5 50. Kf3 Ba3 51. Ke4 Bc5 52. Rc7 Bb4
53. Rc6 Kf7 54. f5 exf5+ 55. Kxf5 h4 56. e6+ Ke8 57. Rc8+ 1-0

[Event "WYCC U18 Girls 2013"]
[Site "Al-Ain UAE"]
[Date "2013.12.21"]
[Round "5.20"]
[White "Ballantyne, Rochelle"]
[Black "Atabayeva, Gozel"]
[Result "0-1"]
[BlackTitle "WFM"]
[WhiteElo "1934"]
[BlackElo "2069"]
[WhiteFideId "2058235"]
[BlackFideId "14001896"]
[EventDate "2013.12.18"]

1. e4 c5 2. Nf3 d6 3. d4 cxd4 4. Nxd4 Nf6 5. Nc3 a6 6. Be2 e6 7. a4 Be7 8. O-O
Qc7 9. Kh1 b6 10. f4 Bb7 11. Bf3 Nbd7 12. Qe2 O-O 13. Bd2 Rfd8 14. Rae1 Nc5 15.
Qf2 Qd7 16. Nb3 Nxa4 17. Nxa4 Qxa4 18. e5 Nd5 19. Ra1 Qb5 20. Be4 g6 21. Qf3
Rac8 22. Bd3 Qd7 23. Qg3 Bf8 24. f5 dxe5 25. Qxe5 exf5 26. Qg3 Qc7 27. Qh3 Bg7
28. c3 b5 29. Nd4 f4 30. Rad1 Re8 31. Rfe1 Rcd8 32. Be4 Be5 33. Nf3 Bf6 34. Nd4
Bc8 35. Qf3 Qd6 36. Bxd5 Rxe1+ 37. Rxe1 Be5 38. Nc6 Bb7 39. Bc1 Rd7 40. h3 Bf6
41. Be4 Bh4 42. Bxf4 Qe6 43. Rf1 f5 44. Bh6 Bf6 45. Nd4 Qxe4 46. Qg3 Kf7 47. Nf3
Qd3 48. Re1 Bxf3 49. gxf3 Re7 50. Rxe7+ Bxe7 51. Bf4 Qf1+ 52. Kh2 Qe2+ 53. Qg2
Qxg2+ 54. Kxg2 Ke6 55. Kf2 Kd5 56. Ke2 Kc4 57. Bc1 a5 58. f4 Bd6 59. Ke3 a4 0-1

[Event "WYCC U18 Girls 2013"]
[Site "Al-Ain UAE"]
[Date "2013.12.21"]
[Round "5.21"]
[White "Anjana Krishna, S"]
[Black "Regam, Jessica"]
[Result "1/2-1/2"]
[BlackTitle "WFM"]
[WhiteElo "1877"]
[BlackElo "2019"]
[WhiteFideId "5046424"]
[BlackFideId "2033496"]
[EventDate "2013.12.18"]

1. e4 e6 2. d4 d5 3. Nd2 Nf6 4. e5 Nfd7 5. Bd3 c5 6. c3 Nc6 7. Ne2 cxd4 8. cxd4
f6 9. exf6 Nxf6 10. O-O Bd6 11. Nf3 Qc7 12. Nc3 a6 13. Bg5 O-O 14. Rc1 Bd7 15.
Bb1 h6 16. Bh4 Bf4 17. Bg3 Bxg3 18. hxg3 Be8 19. Re1 Qd6 20. Ne5 Bh5 21. Qd2
Rae8 22. Bg6 Bxg6 23. Nxg6 Rf7 24. Ne5 Rff8 25. Ng6 Rf7 26. Ne5 Rff8 1/2-1/2

[Event "WYCC U18 Girls 2013"]
[Site "Al-Ain UAE"]
[Date "2013.12.21"]
[Round "5.22"]
[White "Unapkoshvili, Nani"]
[Black "Lepeskaite, Migle"]
[Result "1/2-1/2"]
[WhiteElo "2081"]
[BlackElo "1810"]
[WhiteFideId "13605518"]
[BlackFideId "12803065"]
[EventDate "2013.12.18"]

1. d4 d5 2. c4 e6 3. Nf3 Nf6 4. g3 Be7 5. Bg2 O-O 6. O-O dxc4 7. Qa4 a6 8. Qxc4
b5 9. Qc2 Bb7 10. a3 Be4 11. Qd1 c5 12. Nc3 Bb7 13. dxc5 Bxc5 14. Qc2 Qb6 15. b4
Be7 16. Be3 Qc7 17. Bf4 Qb6 18. Rfd1 Nbd7 19. Rac1 Rac8 20. Qb2 Rfd8 21. Be3 Qc7
22. Nxb5 Qb8 23. Rxc8 Rxc8 24. Nc3 Qc7 25. Rc1 Qd8 26. Na4 Nd5 27. Bd4 Bf6 28.
e4 Bxd4 29. Nxd4 N5f6 30. f3 Rxc1+ 31. Qxc1 Nb6 32. Nc6 Bxc6 33. Qxc6 Qd4+ 34.
Kf1 Qd1+ 35. Kf2 Qd2+ 36. Kg1 Qd4+ 37. Kf1 Qd1+ 1/2-1/2

[Event "WYCC U18 Girls 2013"]
[Site "Al-Ain UAE"]
[Date "2013.12.21"]
[Round "5.23"]
[White "Jayamurthey, Pavitranayagi"]
[Black "Guo, Emma"]
[Result "0-1"]
[BlackTitle "WIM"]
[WhiteElo "1694"]
[BlackElo "2011"]
[WhiteFideId "5708885"]
[BlackFideId "3200795"]
[EventDate "2013.12.18"]

1. e4 e5 2. Nf3 Nc6 3. Bc4 Nf6 4. d3 Bc5 5. Nc3 d6 6. h3 h6 7. O-O Be6 8. Bb3
Qd7 9. Be3 O-O 10. Bxc5 dxc5 11. Ba4 Qd6 12. Bxc6 bxc6 13. Qe2 Nh5 14. b3 Nf4
15. Qe3 Bxh3 16. Nh4 Bg4 17. Qg3 h5 18. Nf3 Qf6 19. Rae1 Rad8 20. Re3 Rd6 21.
Rfe1 Re8 22. Nh4 Re7 23. Na4 Qh6 24. Nxc5 Rf6 25. Na4 g5 26. Nf3 Bxf3 27. Qxf3
g4 28. Qg3 Rg6 29. Qh4 Rg5 30. Nc3 Ng6 31. Qh2 h4 32. a4 Rh5 33. f3 g3 34. Qh3
Re6 35. b4 Nf4 36. Qh1 h3 0-1

[Event "WYCC U18 Girls 2013"]
[Site "Al-Ain UAE"]
[Date "2013.12.21"]
[Round "5.24"]
[White "Durmaz, Ayca Fatma"]
[Black "Kakhramonova, Mokhinur"]
[Result "1/2-1/2"]
[WhiteTitle "WCM"]
[WhiteElo "1799"]
[BlackElo "2004"]
[WhiteFideId "6317855"]
[BlackFideId "14201771"]
[EventDate "2013.12.18"]

1. c4 d6 2. Nf3 g6 3. g3 Bg7 4. Bg2 e5 5. Nc3 c6 6. O-O Nf6 7. d3 Nbd7 8. Rb1
O-O 9. b4 a6 10. a4 Qc7 11. Ne1 Rb8 12. b5 axb5 13. axb5 Rd8 14. Nc2 Nb6 15. Be3
c5 16. Bg5 Be6 17. Ne3 h6 18. Bxf6 Bxf6 19. Ned5 Nxd5 20. Nxd5 Bxd5 21. Bxd5 Kh7
22. e4 Rf8 23. Ra1 Bd8 24. Ra7 Qe7 25. Qe2 Bb6 26. Ra4 Rbe8 27. Rfa1 Kg7 28.
R1a2 Rb8 29. Qd1 Kh7 30. Qa1 Qe8 31. Qd1 1/2-1/2

[Event "WYCC U18 Girls 2013"]
[Site "Al-Ain UAE"]
[Date "2013.12.21"]
[Round "5.25"]
[White "Serbanescu, Diana-Maria"]
[Black "Tarmastin, Laura"]
[Result "1-0"]
[WhiteElo "1989"]
[BlackElo "1791"]
[WhiteFideId "1200550"]
[BlackFideId "1623001"]
[EventDate "2013.12.18"]

1. e4 e5 2. Nf3 Nc6 3. d4 exd4 4. Nxd4 Bc5 5. Nb3 Bb6 6. Nc3 Qf6 7. Qe2 Nge7 8.
Be3 d6 9. O-O-O Be6 10. f3 O-O-O 11. Qf2 Kb8 12. Bb5 Bxe3+ 13. Qxe3 Ne5 14. Nd4
Bd7 15. Bxd7 Nxd7 16. Ndb5 Nb6 17. a4 a6 18. Na3 d5 19. e5 Qc6 20. Qg5 Ng6 21.
Rd4 h6 22. Qh5 Rhe8 23. f4 Nc4 24. Nxc4 dxc4 25. Rxd8+ Rxd8 26. Qg4 Rd4 27. Rd1
Rxf4 28. Rd8+ Ka7 29. Qe2 Qc5 30. g3 Rf2 31. Qe1 Rxh2 32. Ne4 Qe7 33. Rg8 Rh5
34. Qg1+ b6 35. Nd6 cxd6 36. a5 Rh1 37. Qxh1 Qb7 38. Qg1 Nxe5 1-0

[Event "WYCC U18 Girls 2013"]
[Site "Al-Ain UAE"]
[Date "2013.12.21"]
[Round "5.26"]
[White "Kulatunga, Dinithi"]
[Black "Bengtsson, Jessica"]
[Result "1/2-1/2"]
[WhiteElo "1503"]
[BlackElo "1970"]
[WhiteFideId "9913440"]
[BlackFideId "1711083"]
[EventDate "2013.12.18"]

1. d4 d5 2. c4 e6 3. Nc3 Be7 4. Nf3 Nf6 5. e3 O-O 6. Bd3 dxc4 7. Bxc4 a6 8. O-O
b5 9. Bd3 Bb7 10. Re1 c5 11. b3 Nc6 12. Bb2 Qb6 13. dxc5 Bxc5 14. Qe2 Nb4 15.
Bb1 Rfd8 16. a3 Nbd5 17. Nxd5 Bxd5 18. Bc2 Rac8 19. Rac1 Ne4 20. Red1 f6 21. h3
a5 22. Nd2 Nxd2 23. Rxd2 Bb7 24. Rxd8+ Qxd8 25. Qxb5 Qd5 26. Qf1 f5 27. Rd1 Qc6
28. Bb1 Rf8 29. Rc1 Qd6 30. Rd1 Qc6 31. Rc1 Qd6 32. Rd1 Qc6 1/2-1/2

[Event "WYCC U18 Girls 2013"]
[Site "Al-Ain UAE"]
[Date "2013.12.21"]
[Round "5.28"]
[White "Van Niekerk, Robyn Julian"]
[Black "Foster, Chantelle L"]
[Result "0-1"]
[WhiteElo "1459"]
[BlackElo "1901"]
[WhiteFideId "14305020"]
[BlackFideId "408476"]
[EventDate "2013.12.18"]

1. d4 d5 2. Nf3 c6 3. Bf4 Bf5 4. e3 e6 5. c4 Nf6 6. Qb3 Qb6 7. Qxb6 axb6 8. a3
Nbd7 9. Nbd2 Be7 10. Be2 dxc4 11. Bxc4 b5 12. Be2 Nb6 13. O-O Na4 14. Ra2 O-O
15. Ne5 b4 16. axb4 Nc3 17. bxc3 Rxa2 18. Nef3 Ne4 19. Nxe4 Bxe4 20. Re1 Rc2 21.
Bf1 Rxc3 22. Ra1 Bxb4 23. Ne5 Ra3 24. Rxa3 Bxa3 25. Nc4 Bb4 26. f3 Bd5 27. Nb2
Ra8 28. Nd3 Bc3 29. Nc5 Ra1 30. Kf2 Be1+ 31. Kg1 b5 32. h3 b4 33. e4 Ba2 34. Nd3
b3 35. Nxe1 Rxe1 36. Kf2 Rxf1+ 37. Kxf1 b2 0-1

[Event "WYCC U18 Girls 2013"]
[Site "Al-Ain UAE"]
[Date "2013.12.21"]
[Round "5.31"]
[White "Korbovljanovic, Natasa"]
[Black "El, Kader Maria"]
[Result "1/2-1/2"]
[WhiteElo "1854"]
[BlackElo "1619"]
[WhiteFideId "900486"]
[BlackFideId "14137380"]
[EventDate "2013.12.18"]

1. e4 c5 2. d4 cxd4 3. Nf3 d6 4. Nxd4 g6 5. c4 Bg7 6. Be3 Nc6 7. Nc3 Nf6 8. Be2
Bd7 9. O-O O-O 10. Kh1 Rc8 11. f4 a6 12. Rc1 Qb6 13. Nxc6 Qxc6 14. Nd5 Nxd5 15.
cxd5 Qa4 16. Qxa4 Bxa4 17. b3 Bd7 18. Rxc8 Rxc8 19. Rc1 Rxc1+ 20. Bxc1 Bd4 21.
g3 Bh3 22. Bf3 Kg7 23. Bg2 Bxg2+ 24. Kxg2 a5 1/2-1/2

[Event "WYCC U18 Girls 2013"]
[Site "Al-Ain UAE"]
[Date "2013.12.21"]
[Round "5.33"]
[White "Soyunlu, Narmin"]
[Black "Al Dhaffari, Salma"]
[Result "1-0"]
[WhiteElo "1908"]
[BlackElo "1625"]
[WhiteFideId "13400843"]
[BlackFideId "9305335"]
[EventDate "2013.12.18"]

1. c4 e5 2. g3 Nf6 3. Bg2 d5 4. cxd5 Nxd5 5. Nc3 Nb6 6. Nf3 Nc6 7. O-O Be7 8. d3
O-O 9. a3 Re8 10. b4 Bf8 11. Nd2 Nd4 12. e3 Nf5 13. Qc2 c6 14. Nb3 Be6 15. Nc5
Bxc5 16. bxc5 Nd7 17. Ne4 Qa5 18. Bd2 Qc7 19. Rfc1 Ne7 20. a4 Nd5 21. Rab1 b6
22. cxb6 axb6 23. Ng5 Qa7 24. Qxc6 Qxa4 25. Bxd5 Bxd5 26. Qxd5 Nf6 27. Qxf7+ 1-0

[Event "WYCC U18 Girls 2013"]
[Site "Al-Ain UAE"]
[Date "2013.12.21"]
[Round "5.34"]
[White "Kopnicka, Henrieta"]
[Black "Ruhlmann, Helene"]
[Result "1-0"]
[WhiteElo "1776"]
[BlackElo "1830"]
[WhiteFideId "14923564"]
[BlackFideId "20643209"]
[EventDate "2013.12.18"]

1. c4 e5 2. Nc3 Nf6 3. g3 d5 4. cxd5 Nxd5 5. Bg2 Nb6 6. Nf3 Nc6 7. a3 Be7 8. O-O
Be6 9. b4 f6 10. Bb2 a5 11. b5 Nd4 12. Nxd4 exd4 13. Na4 Bd5 14. Nxb6 cxb6 15.
Bxd5 Qxd5 16. Qa4 Bc5 17. d3 O-O 18. Qc4 Qxc4 19. dxc4 Rfe8 20. Rfe1 Rad8 21.
Rad1 d3 22. e4 Re7 23. Rd2 Kf7 24. Kf1 Red7 25. f3 h5 26. Kg2 Bd4 27. Bxd4 Rxd4
28. Rc1 Rc8 29. Kf2 Rcxc4 30. Rxc4 Rxc4 31. Rxd3 Rc2+ 32. Kf1 Ke7 33. h4 Rb2 34.
a4 Rb4 35. Ra3 Kd6 36. Ke2 Rb2+ 37. Ke3 Kc5 38. f4 Kb4 39. Ra1 Rb3+ 40. Kf2 Kc5
41. Rc1+ Kd4 42. Rc7 Rb4 43. Rxb7 Rxa4 44. Rxb6 Rb4 45. e5 fxe5 46. fxe5 Kc5 47.
Rb7 Re4 48. Rxg7 Rxe5 49. Rg5 Rxg5 50. hxg5 a4 51. g6 a3 52. g7 a2 53. g8=Q a1=Q
54. Qg5+ Kb6 55. Qxh5 Qd4+ 56. Kg2 Qd2+ 57. Kh3 Qd7+ 58. g4 Qd3+ 59. Kh4 Qd8+
60. Qg5 Qh8+ 61. Kg3 Qc3+ 62. Kf4 Qc4+ 63. Kf3 Qf1+ 64. Ke4 Qc4+ 65. Kf5 Qxb5+
66. Kg6 Qe8+ 67. Kh7 Qd7+ 68. Qg7 Qd2 69. Qh6+ 1-0

[Event "WYCC U18 Girls 2013"]
[Site "Al-Ain UAE"]
[Date "2013.12.21"]
[Round "5.37"]
[White "Voges, Rachelle Mari"]
[Black "Ruiz Olate, Emily Andrea"]
[Result "0-1"]
[WhiteTitle "WCM"]
[WhiteElo "1634"]
[BlackElo "1851"]
[WhiteFideId "14308908"]
[BlackFideId "3413535"]
[EventDate "2013.12.18"]

1. d4 Nf6 2. c4 e6 3. Nc3 d5 4. Nf3 Be7 5. e3 O-O 6. Bd3 Nbd7 7. O-O b6 8. cxd5
exd5 9. Qb3 Bb7 10. Bd2 c5 11. Qc2 Rc8 12. Rac1 Bd6 13. Qb1 Re8 14. Nb5 Bb8 15.
b3 Ne4 16. Bc3 a6 17. Na3 Re6 18. Bb2 Rh6 19. g3 Qf6 20. Bxe4 dxe4 21. Nd2 Qf5
22. Rfd1 Qh3 23. Nf1 f5 24. dxc5 f4 25. c6 0-1

[Event "WYCC U18 Girls 2013"]
[Site "Al-Ain UAE"]
[Date "2013.12.21"]
[Round "5.38"]
[White "Lalaoui, Feriel"]
[Black "De Silva, Shelani"]
[Result "1/2-1/2"]
[WhiteTitle "WCM"]
[WhiteElo "1754"]
[BlackElo "1633"]
[WhiteFideId "7900481"]
[BlackFideId "9909745"]
[EventDate "2013.12.18"]

1. e4 c5 2. Nf3 d6 3. d4 cxd4 4. Nxd4 Nf6 5. Nc3 a6 6. Be3 e6 7. Be2 Be7 8. O-O
Nbd7 9. a4 Qc7 10. f4 b6 11. Bf3 Bb7 12. Nb3 O-O 13. a5 b5 14. Qe1 Rab8 15. Bf2
Rfe8 16. Kh1 e5 17. fxe5 dxe5 18. Qe3 Rbc8 19. g4 Nc5 20. g5 Nfd7 21. Rad1 Nxb3
22. cxb3 Nc5 23. Nd5 Bxd5 24. exd5 Bd6 25. b4 Nd7 26. Rc1 Qb8 27. Rc6 Bxb4 28.
Rxa6 Bc5 29. Qe2 Bxf2 30. Rxf2 e4 31. Bg4 Rc1+ 32. Rf1 Rxf1+ 33. Qxf1 Ne5 34.
Be2 Nf3 35. Bxf3 exf3 36. Qxf3 Qe5 37. Rc6 g6 38. Rc1 Qxb2 39. Qc3 Qe2 40. d6
Qe4+ 41. Kg1 Qg4+ 42. Qg3 Qd4+ 43. Kf1 Rd8 44. a6 Rxd6 45. a7 Rd8 46. Qb8 Qd3+
47. Kf2 Qd2+ 48. Kf3 Kg7 49. Qe5+ Kg8 50. Ra1 Qd3+ 51. Qe3 Qf5+ 52. Ke2 Qc2+ 53.
Kf1 Qc6 54. Rc1 Qb7 55. Kg1 Ra8 56. Ra1 b4 57. Rb1 Qxa7 58. Qxa7 Rxa7 59. Rxb4
Ra5 60. Rg4 Kg7 61. Kg2 h6 62. gxh6+ Kxh6 63. Rb4 Ra3 64. Rb7 f5 65. Rb6 Kh5 66.
Rb4 g5 67. Rb8 Kg4 68. Rb4+ f4 69. Rb2 f3+ 70. Kf2 Kh3 71. Rb8 Kh4 72. Rh8+ Kg4
73. h3+ Kf5 74. Rf8+ 1/2-1/2

[Event "WYCC U18 Girls 2013"]
[Site "Al-Ain UAE"]
[Date "2013.12.21"]
[Round "5.39"]
[White "Matisone, Dana"]
[Black "Senarath, Kavindi"]
[Result "1/2-1/2"]
[WhiteElo "1744"]
[BlackElo "1617"]
[WhiteFideId "11603526"]
[BlackFideId "9904344"]
[EventDate "2013.12.18"]

1. e4 e6 2. d4 d5 3. exd5 exd5 4. Bd3 Bd6 5. Nf3 Nc6 6. c3 Bg4 7. h3 Be6 8. O-O
Nge7 9. Re1 Qd7 10. Ng5 Bf5 11. Bxf5 Qxf5 12. Qf3 Qxf3 13. Nxf3 f6 14. Nbd2
O-O-O 15. Nb3 Nf5 16. Bd2 Rhe8 17. Kf1 g5 1/2-1/2

[Event "WYCC U18 Girls 2013"]
[Site "Al-Ain UAE"]
[Date "2013.12.21"]
[Round "5.40"]
[White "Strasevici, Ana"]
[Black "Abdelmenaem, Sohayla"]
[Result "0-1"]
[BlackTitle "WFM"]
[WhiteElo "1496"]
[BlackElo "1734"]
[WhiteFideId "13907042"]
[BlackFideId "10610529"]
[EventDate "2013.12.18"]

1. d4 d5 2. c4 c6 3. cxd5 cxd5 4. Nc3 Nc6 5. g3 Nf6 6. Bg2 e6 7. Nf3 Bd6 8. Bf4
a6 9. O-O O-O 10. Ne5 Qc7 11. Nxc6 Bxf4 12. gxf4 bxc6 13. e3 c5 14. Rc1 c4 15.
Kh1 Bd7 16. Rg1 Rab8 17. Rb1 Rb6 18. Na4 Bxa4 19. Qxa4 Rfb8 20. Qc2 Qb7 21. b3
cxb3 22. axb3 Rxb3 23. Rxb3 Qxb3 24. Qe2 Qa3 25. Bf1 a5 26. Qf3 a4 27. Qg3 g6
28. f5 Rb6 29. fxg6 hxg6 30. h4 Qe7 31. f3 a3 32. Bd3 a2 33. Ra1 Rb2 34. Qg5 Kg7
35. h5 Qc7 36. h6+ Kh7 37. Qh4 Ne8 38. f4 Qb7 39. Qd8 Rb1+ 40. Bxb1 axb1=Q+ 41.
Rxb1 Qxb1+ 42. Kg2 Qe4+ 43. Kf2 Qc2+ 44. Kf3 Qc6 45. Qe7 Kxh6 46. Qf8+ Kh7 47.
Qxf7+ Ng7 48. Kg4 Qc2 49. Kf3 Qd1+ 50. Kf2 Qc2+ 51. Kf3 Qe4+ 52. Kf2 Kh6 53. Qf6
Qf5 54. Qd8 g5 55. Qh8+ Kg6 56. Qh1 gxf4 57. Qg2+ Kf7 58. exf4 Qxf4+ 59. Qf3
Qxf3+ 60. Kxf3 Nf5 0-1

[Event "WYCC U18 Girls 2013"]
[Site "Al-Ain UAE"]
[Date "2013.12.21"]
[Round "5.43"]
[White "Abeer, Ali"]
[Black "Dewanthi, A H Chamika"]
[Result "0-1"]
[WhiteElo "1655"]
[BlackElo "1584"]
[WhiteFideId "9302930"]
[BlackFideId "9906304"]
[EventDate "2013.12.18"]

1. e4 e5 2. Nf3 Nc6 3. d4 exd4 4. Bc4 Bc5 5. c3 Nf6 6. cxd4 Bb4+ 7. Bd2 Bxd2+ 8.
Nbxd2 d5 9. exd5 Nxd5 10. Qb3 Na5 11. Qa4+ Nc6 12. Qb3 Na5 13. Qc2 Nxc4 14. Qxc4
O-O 15. O-O c6 16. a3 Be6 17. Qc2 Rc8 18. Nb3 Bg4 19. Ne5 Qg5 20. Nxg4 Qxg4 21.
Qd1 Qg5 22. Qf3 b6 23. Rac1 f5 24. Rfe1 Kh8 25. Re5 h5 26. h4 Qg4 27. Qxg4 hxg4
28. g3 g6 29. Re6 Rf6 30. Re5 Rd8 31. Re2 Rfd6 32. Rce1 Kg7 33. Re6 Kf7 34. R6e5
Kf8 35. h5 Kg7 36. hxg6 Kxg6 37. Re6+ Kf7 38. R6e5 Kf6 39. Kg2 R8d7 40. Rh1 Ne7
41. Rhe1 Ng6 42. R5e3 Rd8 43. f3 gxf3+ 44. Rxf3 Rg8 45. Kf2 Re6 46. Rxe6+ Kxe6
47. Re3+ Kd6 48. Kf3 Rd8 49. Re2 Rh8 50. Kg2 f4 51. Re4 Kd5 52. Re1 a5 53. a4
Rh7 54. Re8 fxg3 55. Kxg3 Re7 56. Rxe7 Nxe7 57. Kf3 Kc4 58. Nd2+ Kxd4 59. Ke2
Nd5 60. Nf3+ Ke4 61. Nd2+ Kd4 62. Nf3+ Kc5 63. b3 Kb4 64. Nd2 Nf4+ 65. Ke3 Ne6
66. Kd3 Nc5+ 67. Kc2 Nxa4 68. bxa4 Kxa4 69. Kb2 c5 70. Nc4 Kb5 71. Na3+ Ka4 72.
Nc4 b5 73. Nb6+ Kb4 74. Nd5+ Kc4 75. Nb6+ Kd4 76. Kb3 c4+ 77. Kc2 a4 78. Nc8 b4
79. Nb6 a3 80. Na4 b3+ 81. Kb1 c3 82. Nxc3 Kxc3 83. Ka1 b2+ 84. Kb1 a2+ 85. Kxa2
Kc2 0-1

[Event "WYCC U18 Girls 2013"]
[Site "Al-Ain UAE"]
[Date "2013.12.22"]
[Round "6.1"]
[White "Aranaz Murillo, Amalia"]
[Black "Saduakassova, Dinara"]
[Result "1/2-1/2"]
[WhiteTitle "WIM"]
[BlackTitle "WGM"]
[WhiteElo "2262"]
[BlackElo "2357"]
[WhiteFideId "22200371"]
[BlackFideId "13700090"]
[EventDate "2013.12.18"]

1. c4 e5 2. g3 Nf6 3. Bg2 d5 4. cxd5 Nxd5 5. Nc3 Nb6 6. Nf3 Nc6 7. d3 Be7 8. O-O
Be6 9. Be3 Nd5 10. Nxd5 Bxd5 11. Qa4 O-O 12. Rfc1 Rb8 13. Bc5 a6 14. b4 Bxf3 15.
Bxf3 Bxc5 16. Rxc5 Nd4 17. Qd1 Nxf3+ 18. exf3 Qd6 19. Qe2 f6 20. Rac1 c6 21. a4
Rbd8 1/2-1/2

[Event "WYCC U18 Girls 2013"]
[Site "Al-Ain UAE"]
[Date "2013.12.22"]
[Round "6.2"]
[White "Ziaziulkina, Nastassia"]
[Black "Ibrahimova, Sabina"]
[Result "1/2-1/2"]
[WhiteTitle "WGM"]
[BlackTitle "WIM"]
[WhiteElo "2354"]
[BlackElo "2205"]
[WhiteFideId "13505211"]
[BlackFideId "13403893"]
[EventDate "2013.12.18"]

1. e4 c5 2. Nf3 Nc6 3. d4 cxd4 4. Nxd4 g6 5. c4 Nf6 6. Nc3 d6 7. Be2 Nxd4 8.
Qxd4 Bg7 9. Be3 O-O 10. Qd2 Qa5 11. O-O Be6 12. Rfc1 Rfc8 13. b3 a6 14. Rab1 b5
15. b4 Qd8 16. cxb5 axb5 17. Bxb5 Ra3 18. Nd5 Rca8 19. Bc6 Nxe4 20. Nxe7+ Qxe7
21. Bxe4 Rxa2 22. Bxa8 Rxd2 23. Bxd2 Bd4 24. Be3 Bxe3 25. fxe3 Qa7 26. Bc6 Qxe3+
27. Kh1 Bf5 28. Ra1 h5 29. Rd1 h4 30. Rxd6 h3 31. gxh3 Be4+ 32. Bxe4 Qxe4+ 33.
Kg1 Qxb4 34. Rad1 Qf4 1/2-1/2

[Event "WYCC U18 Girls 2013"]
[Site "Al-Ain UAE"]
[Date "2013.12.22"]
[Round "6.3"]
[White "Castrillon Gomez, Melissa"]
[Black "Nevioselaya, Maria"]
[Result "1-0"]
[WhiteTitle "WIM"]
[WhiteElo "2155"]
[BlackElo "2088"]
[WhiteFideId "4402413"]
[BlackFideId "13502280"]
[EventDate "2013.12.18"]

1. e4 e5 2. Nf3 Nc6 3. Bb5 a6 4. Ba4 Nf6 5. O-O Be7 6. Bxc6 dxc6 7. d3 Qd6 8.
Nbd2 Be6 9. b3 Nd7 10. a4 f6 11. Nh4 g6 12. Kh1 O-O-O 13. Qe2 f5 14. Nhf3 f4 15.
b4 Bf6 16. Ba3 g5 17. Ng1 g4 18. Nc4 Bxc4 19. dxc4 Qe6 20. c5 Be7 21. b5 axb5
22. axb5 f3 23. gxf3 gxf3 24. Nxf3 cxb5 25. Qxb5 Qg4 26. Qe2 Rdf8 27. c6 Qxf3+
28. Qxf3 Rxf3 29. Bxe7 Nb6 30. Bc5 Kb8 31. Ra2 bxc6 32. Rfa1 Rc8 33. Be3 Rf6 34.
c4 Rcf8 35. c5 Nc8 36. Rb1+ 1-0